| 000 | 00909cam a22002654a 4500 | ||
|---|---|---|---|
| 008 | 120625s2008 sp 000 1 spa d | ||
| 020 | _a9788466751766 | ||
| 040 |
_aEG-GiCUC _bspa _cEG-GiCUC |
||
| 092 | 0 | 4 |
_a863.64 _bR6962r 2008 _221 |
| 099 |
_a04 _a863.64 R6962r 2008 |
||
| 100 | 1 |
_aRodriguez Almodovar, Antonio, _d1941- |
|
| 245 | 1 | 3 |
_aEl bosque de los suenos / _cAntonio R. Almodovar. |
| 250 | _a3rd ed. | ||
| 260 |
_aMadrid : _bAnaya, _c2008. |
||
| 300 |
_a524 p. ; _c22 cm. |
||
| 500 | _a"Premio Nacional de Literatura Infantil y Juvenil 2005" | ||
| 600 | 1 | 0 |
_aRodriguez Almodovar, Antonio, _d1941- |
| 650 | 0 |
_aSpanish fiction _y20th century. |
|
| 856 | 4 | 2 |
_3Publisher description _uhttp://www.loc.gov/catdir/enhancements/fy0836/2006493600-d.html |
| 902 | _a1 | ||
| 905 |
_aJihan _eCat. |
||
| 905 | _eRev. | ||
| 942 |
_2ddc _cBK |
||
| 999 |
_c125699 _d125699 |
||